Historia de la arquitectura moderna
Sparad:
| Huvudupphovsman: | |
|---|---|
| Materialtyp: | Bok |
| Språk: | spanska |
| Publicerad: |
Barcelona
Gustavo Gili
1999
|
| Upplaga: | 8a. ed |
| Ämnen: | |
| Taggar: |
Lägg till en tagg
Inga taggar, Lägg till första taggen!
|
MARC
| LEADER | 00000nam a2200000 a 4500 | ||
|---|---|---|---|
| 001 | UCL5990 | ||
| 003 | CL-VaPUC | ||
| 008 | 040326e19990000SP |||||||||||||||||spa|d | ||
| 020 | |a 8425217938 | ||
| 082 | 0 | 4 | |a 724 |b BEN |2 21 |
| 100 | |a Benevolo, Leonardo |e author |9 303868 | ||
| 245 | 1 | 0 | |a Historia de la arquitectura moderna |
| 250 | |a 8a. ed | ||
| 300 | |a 1196 p | ||
| 942 | |c BK | ||
| 945 | |d 20040326 00:00:00 |a cmena | ||
| 260 | |a Barcelona |b Gustavo Gili |c 1999 | ||
| 650 | 0 | |a Arquitectura moderna |9 265021 | |
| 650 | 0 | |a Arquitectura urbana |9 331978 | |
| 650 | 0 | |a Historia |9 255047 | |
| 650 | 0 | |a Diseño arquitectónico |9 265271 | |
| 650 | 0 | |a Arquitectos |9 268647 | |
| 650 | 0 | |a Urbanismo |9 255208 | |
| 650 | 0 | |a Elementos estructurales |9 350100 | |
| 583 | |a last modification |c 20040326 00:00:00 |k Rodrigo Vera | ||
| 999 | |c 308300 |d 308298 | ||
| 952 | |0 0 |1 0 |4 0 |6 724_000000000000000_BEN_1999 |7 0 |8 A |9 374662 |a BIBARQ |b BIBARQ |d 2019-11-21 |i 3998339 |o 724 BEN 1999 |p 3998339 |r 2025-01-20 |w 2019-11-21 |y BK |k ARQ | ||